01189cam a2200349 i 450000100060000000300080000600500170001400600190003100700150005000800410006502000180010602000280012403500220015204000310017405000230020508000100022808200120023824501140025026400410036430000580040533600310046333700330049433800430052758800830057065000150065365000130066865000180068165000140069970000310071370000330074485600620077749940FINmELB20241216232201.0m o u cr cn|||||||||200526s2012 mx a o 000 0 spa d z9789871486342 a9789871486700q(e-book) a(OCoLC)1230153663 aFINmELBbspaerdacFINmELB 4aHF5635b.C668 2012 a331.400a65722300aContabilidad financiera :buna introducción a conceptos, métodos y usos /cClyde P. Stickney [y otros 4]. 1aMéxico :bCengage Learning,c2012. a1 recurso en línea (822 páginas) :bilustraciones atextobtxt2rdacontent/spa acomputadorabc2rdamedia/spa arecurso en líneabcr2rdacarrier/spa aDescripción basada en metadatos suministrados por el editor y otras fuentes. 0aAccountig. 0aFinance. 4aContabilidad. 4aFinanzas.1 aStickney, Clyde P,eautor.1 aSchipper, Katherine,eautor.40uhttps://elibro.net/ereader/politecnicointernacional/93250